Etiketa a spoločenské správanie

Uložené v:
Podrobná bibliografia
Hlavný autor: Kováč, Matej
Korporativný autor: Ekonomická univerzita v Bratislave. Fakulta medzinárodných vzťahov
Ďalší autori: Mattoš, Boris, 1977-
Médium: Kniha
Jazyk:Slovak
Vydavateľské údaje: Bratislava Vydavateľstvo EKONÓM 2003
Vydanie:1. vyd.
Predmet:
Tagy: Pridať tag
Žiadne tagy, Buďte prvý, kto otaguje tento záznam!

MARC

LEADER 00000nam a2200000 4500
001 c142000
005 20240502071324.5
020 |a 80-225-1657-0 
041 0 |a slo 
044 |a SK 
245 1 0 |a Etiketa a spoločenské správanie  |c Matej Kováč, Boris Mattoš 
250 |a 1. vyd. 
264 1 |a Bratislava  |b Vydavateľstvo EKONÓM  |c 2003 
300 |a 99 s. [4,16 AH] 
610 2 0 |a etiketa 
610 2 0 |a spoločnosť 
610 2 0 |a kultúra 
610 2 0 |a správanie 
610 2 0 |a predpisy 
610 2 0 |a stravovanie spoločné 
610 2 0 |a nápoje alkoholické 
610 2 0 |a nápoje nealkoholické 
610 2 0 |a odevy 
610 2 0 |a vzťahy spoločenské 
610 2 0 |a vzťahy medziľudské 
610 2 0 |a vzťahy formálne 
610 2 0 |a veda 
100 1 |a Kováč, Matej 
700 1 |a Mattoš, Boris, 1977- 
710 2 |a Ekonomická univerzita v Bratislave. Fakulta medzinárodných vzťahov